| 000 | 00560nam a2200193Ia 4500 | ||
|---|---|---|---|
| 005 | 20250326144858.0 | ||
| 008 | 250326s9999 xx 000 0 und d | ||
| 020 | _a1-4129-1378-0` | ||
| 037 | _aTextbook | ||
| 040 |
_aFMSL _beng _cFMSL |
||
| 041 |
_aeng _2eng |
||
| 084 |
_aX:8(SNI:431) P7 _qFMSL |
||
| 100 |
_aLipshitz R _9748826 |
||
| 245 | 0 |
_aDemystifying organizational learning _cLipshitz R And Others |
|
| 260 |
_aNew Delhi _bNew Delhi, Sage _c2007 |
||
| 300 | _axi,282 | ||
| 942 |
_cTB _hX:8(SNI:431) P7 |
||
| 999 |
_c1305433 _d1305433 |
||